[Event "Let's Play Chess!"]
[Site "http://www.queenalice.com/game.php?id=305990"]
[Date "2007.11.18"]
[Round "-"]
[White "rafael1"]
[Black "silverhawks"]
[Result "0-1"]
[WhiteElo "1780"]
[BlackElo "2040"]

1. e4 e5 2. Nf3 Nc6 3. Bb5 a6 4. Ba4 Nf6 5. Nc3 b5 6. Bb3 Bc5 7. O-O O-O 8. Re1
Ng4 9. Re2 Bb7 10. h3 Nxf2 11. Rxf2 Bxf2+ 12. Kxf2 d6 13. d4 exd4 14. Nxd4 Nxd4
15. Qg4 Qf6+ 16. Kg1 Nxb3 17. axb3 Rfe8 18. Be3 b4 19. Rf1 Qe6 20. Qxe6 Rxe6 21.
Na2 Rxe4 22. Bc1 a5 23. c3 bxc3 24. bxc3 Re2 25. Rf2 Rae8 26. Ba3 Re1+ 27. Rf1
R8e2 28. Rxe1 Rxe1+ 29. Kh2 Re2 30. Nc1 Rxg2+ 31. Kh1 Ra2+ 0-1

[Event "Let's Play Chess!"]
[Site "http://www.queenalice.com/game.php?id=305994"]
[Date "2007.11.18"]
[Round "-"]
[White "peritezz"]
[Black "rafael1"]
[Result "1-0"]
[WhiteElo "1985"]
[BlackElo "1840"]

1. d4 Nf6 2. c4 e6 3. a3 c5 4. d5 e5 5. Nc3 d6 6. e4 Be7 7. Nf3 O-O 8. Be2 Nbd7
9. O-O Nb6 10. b4 Bg4 11. bxc5 Nbd7 12. cxd6 Bxd6 13. h3 Bxf3 14. Bxf3 Nc5 15.
Bg5 Be7 16. Re1 Nfd7 17. Bxe7 Qxe7 18. Na4 Rac8 19. Bg4 Rc7 20. d6 Qd8 21. dxc7
Qxc7 22. Nxc5 Nxc5 23. Qf3 Rd8 24. Rad1 Rc8 25. Bxc8 Qxc8 26. Qf5 Qc7 27. Qxe5
1-0

[Event "Let's Play Chess!"]
[Site "http://www.queenalice.com/game.php?id=305995"]
[Date "2007.11.18"]
[Round "-"]
[White "rafael1"]
[Black "peritezz"]
[Result "1/2-1/2"]
[WhiteElo "1829"]
[BlackElo "1995"]

1. e4 e5 2. Nf3 Nf6 3. Nc3 d5 4. exd5 Nxd5 5. Nxe5 Nxc3 6. bxc3 Qe7 7. Qe2 Nd7
8. Nxd7 Bxd7 9. Qxe7+ Bxe7 10. d4 O-O 11. Bc4 Rfe8 12. O-O b5 13. Bd3 a6 14. Bf4
Rac8 15. c4 Bf6 16. c3 c5 17. cxb5 Bxb5 18. Bxb5 axb5 19. Be3 b4 20. cxb4 cxd4
21. Bd2 Rc2 22. Rfe1 Ra8 23. Bf4 d3 24. Rad1 g5 25. Be3 Bc3 26. Rf1 d2 27. b5 h6
28. b6 Raxa2 29. b7 Rab2 30. Rb1 Be5 31. Rxb2 Rxb2 32. Rd1 Rxb7 33. g3 Bc3 34.
Kf1 Rb2 35. Ke2 f5 36. Bxd2 Kf7 37. Kd3 Bxd2 38. Rxd2 Rxd2+ 39. Kxd2 g4 40. Ke3
Kg6 41. Kf4 h5 42. f3 gxf3 43. Kxf3 Kg5 44. h3 h4 45. gxh4+ Kxh4 46. Kf4 Kxh3
47. Kxf5 Kg3 1/2-1/2

[Event "Let's Play Chess!"]
[Site "http://www.queenalice.com/game.php?id=306001"]
[Date "2007.11.18"]
[Round "-"]
[White "rafael1"]
[Black "txukahamae"]
[Result "1/2-1/2"]
[WhiteElo "1643"]
[BlackElo "1724"]

1. e4 Nf6 2. Nc3 d5 3. e5 Ne4 4. d4 Nxc3 5. bxc3 e6 6. Nf3 c5 7. Be2 Nc6 8. O-O
Be7 9. Ba3 b6 10. Qd2 Bb7 11. Bb2 O-O 12. c4 cxd4 13. Nxd4 Nxe5 14. cxd5 Qxd5
15. f3 Nc6 16. Rfd1 Nxd4 17. Qxd4 Qxd4+ 18. Rxd4 Rfd8 19. Rad1 Rxd4 20. Rxd4 Rd8
21. Rxd8+ Bxd8 22. Bc4 Be7 1/2-1/2

[Event "Let's Play Chess!"]
[Site "http://www.queenalice.com/game.php?id=306002"]
[Date "2007.11.18"]
[Round "-"]
[White "silverhawks"]
[Black "rafael1"]
[Result "1-0"]
[WhiteElo "2032"]
[BlackElo "1783"]

1. d4 Nf6 2. Bg5 e6 3. Nc3 d5 4. Nf3 Nc6 5. e3 Be7 6. Bd3 O-O 7. O-O a6 8. Ne5
Nd7 9. Qh5 g6 10. Bxe7 Qxe7 11. Qh6 Ndxe5 12. dxe5 Nxe5 13. a3 Nxd3 14. cxd3 Qf6
15. Rfc1 c6 16. a4 a5 17. Rab1 Qg7 18. Qh4 e5 19. b4 b6 20. b5 cxb5 21. Rxb5 Ba6
22. Rxd5 Rad8 23. Rxd8 f6 24. Rxf8+ Qxf8 25. Nd5 Kg7 26. Rc7+ Kg8 27. Qxh7# 1-0

[Event "Challenge"]
[Site "http://www.queenalice.com/game.php?id=307761"]
[Date "2007.11.21"]
[Round "-"]
[White "technicaldraw"]
[Black "rafael1"]
[Result "0-1"]
[WhiteElo "2027"]
[BlackElo "1804"]

1. e4 c5 2. Nf3 d6 3. d4 cxd4 4. Nxd4 a6 5. Nc3 Nf6 6. Be3 e6 7. f3 Be7 8. Qd2
O-O 9. O-O-O Qc7 10. g4 Nc6 11. Kb1 Nxd4 12. Bxd4 b5 13. g5 Nd7 14. h4 Ne5 15.
Bxe5 dxe5 16. Qh2 f6 17. g6 h6 18. h5 f5 19. exf5 exf5 20. Nd5 Qd6 21. Nxe7+
Qxe7 22. c4 Bd7 23. cxb5 Bxb5 24. Qd2 Rad8 0-1

[Event "Rafael 2"]
[Site "http://www.queenalice.com/game.php?id=307763"]
[Date "2007.11.21"]
[Round "-"]
[White "rafael1"]
[Black "technicaldraw"]
[Result "1-0"]
[WhiteElo "1773"]
[BlackElo "2027"]

1. e4 e6 2. d4 d5 3. e5 c5 4. c3 Nc6 5. Nf3 Bd7 6. Bd3 cxd4 7. cxd4 Qb6 8. Bc2
Nb4 9. O-O Nxc2 10. Qxc2 Rc8 11. Qd1 Ne7 12. Nc3 Nf5 13. Ne2 Bb5 14. Re1 Bb4 15.
Bd2 Bxe2 16. Rxe2 Nxd4 17. Nxd4 Qxd4 18. Qa4+ 1-0

[Event "Challenge"]
[Site "http://www.queenalice.com/game.php?id=307853"]
[Date "2007.11.21"]
[Round "-"]
[White "rafael1"]
[Black "kingbrian"]
[Result "1-0"]
[WhiteElo "1832"]
[BlackElo "1607"]

1. e4 e5 2. Nf3 Nc6 3. Bb5 a6 4. Ba4 b5 5. Bb3 d6 6. h3 Na5 7. Nc3 Bb7 8. O-O c5
9. a4 Nf6 10. d3 Nxb3 11. cxb3 b4 12. Ne2 a5 13. Ng3 1-0

[Event "Challenge"]
[Site "http://www.queenalice.com/game.php?id=314330"]
[Date "2007.12.3"]
[Round "-"]
[White "cmnetto"]
[Black "rafael1"]
[Result "1-0"]
[WhiteElo "1785"]
[BlackElo "1842"]

1. d4 Nf6 2. Nc3 e6 3. e4 c5 4. Nf3 cxd4 5. Nxd4 e5 6. Nf3 Nc6 7. Bg5 Be7 8. Bb5
d6 9. Qd2 O-O 10. O-O Bg4 11. Be2 Bxf3 12. Bxf3 Nd4 13. Qd3 Qd7 14. Bxf6 Bxf6
15. Nd5 Nxf3+ 16. Qxf3 Be7 17. Rfe1 Rac8 18. c3 Rc6 19. h3 Qe6 20. Re3 Bg5 21.
Rd3 b5 22. Nb4 Rb6 23. Nd5 Rc6 24. a4 a6 25. axb5 axb5 26. Ra7 Rb8 27. Qh5 Qg6
28. Qxg6 hxg6 29. Rg3 Bh4 30. Rf3 Rf8 31. g3 Bd8 32. Rd7 Bf6 33. Nxf6+ gxf6 34.
Rxf6 b4 35. cxb4 Rc4 36. b5 Rxe4 37. Rfxd6 Rb4 38. Rb7 Rxb2 39. Rdb6 Re8 40. Rb8
Rxb8 41. Rxb8+ Kg7 42. h4 Kf6 43. Kg2 Kf5 44. Kf1 Ke4 45. Kg2 f6 46. b6 Kf5 47.
b7 Ke4 48. Kh3 Kf3 49. Rf8 Rxb7 50. Rxf6+ Ke2 51. Kg2 1-0

[Event "Simultan at 2700 -27."]
[Site "http://www.queenalice.com/game.php?id=507451"]
[Date "2008.12.14"]
[Round "-"]
[White "Gambitshark"]
[Black "rafael1"]
[Result "1-0"]
[WhiteElo "2706"]
[BlackElo "1842"]

1. e4 c5 2. Nf3 d6 3. d4 cxd4 4. Nxd4 Nf6 5. Nc3 a6 6. Bd3 e6 7. a4 Be7 8. O-O
O-O 9. Be3 Qc7 10. f4 Nc6 11. h3 e5 12. Nde2 Be6 13. f5 Bd7 14. g4 g6 15. g5 Nh5
16. f6 Bd8 17. Rf3 Nb4 18. Kg2 Qc6 19. a5 b6 20. axb6 Bxb6 21. Bxb6 Qxb6 22. Bc4
Bb5 23. Nxb5 axb5 24. Rxa8 Rxa8 25. Bb3 Qa7 26. Qxd6 Na6 27. Qxe5 Qd7 28. Rd3
Re8 29. Rxd7 Rxe5 30. Rd8+ Re8 31. Rxe8# 1-0

[Event "Simultan at 2700 - 29."]
[Site "http://www.queenalice.com/game.php?id=507453"]
[Date "2008.12.14"]
[Round "-"]
[White "Gambitshark"]
[Black "rafael1"]
[Result "1-0"]
[WhiteElo "2716"]
[BlackElo "1844"]

1. e4 c5 2. Nf3 d6 3. d4 cxd4 4. Nxd4 Nf6 5. Nc3 a6 6. f3 e6 7. Be3 Be7 8. Qd2
O-O 9. O-O-O Qc7 10. g4 e5 11. Nf5 Bxf5 12. gxf5 Kh8 13. Rg1 Nbd7 14. Kb1 Nc5
15. Qg2 Rg8 16. Bc4 Raf8 17. Nd5 Nxd5 18. Bxd5 Na4 19. Qh3 b5 20. Rg3 b4 21.
Qxh7+ Kxh7 22. Rh3+ Bh4 23. Rxh4# 1-0

[Event "Simultan at 2700 -30."]
[Site "http://www.queenalice.com/game.php?id=507454"]
[Date "2008.12.14"]
[Round "-"]
[White "Gambitshark"]
[Black "rafael1"]
[Result "1-0"]
[WhiteElo "2717"]
[BlackElo "1842"]

1. d4 Nf6 2. c4 e6 3. Nf3 c5 4. e3 cxd4 5. exd4 d5 6. Nc3 Bb4 7. cxd5 Nxd5 8.
Qc2 Nc6 9. Be2 O-O 10. O-O Re8 11. Be3 Nxe3 12. fxe3 Bxc3 13. bxc3 e5 14. Rab1
a6 15. Bc4 b5 16. Bxf7+ Kxf7 17. Ng5+ Ke7 18. Rf7+ Kd6 19. c4 Qxg5 20. c5+ Kd5
21. e4+ Kxd4 22. Rd1+ Ke3 23. Rf3# 1-0

[Event "Let's Play Chess!"]
[Site "http://www.queenalice.com/game.php?id=507560"]
[Date "2008.12.14"]
[Round "-"]
[White "bluestuff370"]
[Black "rafael1"]
[Result "1-0"]
[WhiteElo "1836"]
[BlackElo "1873"]

1. d4 Nf6 2. Nf3 e6 3. a3 c5 4. c3 Nc6 5. e3 Be7 6. b3 O-O 7. Bb2 b6 8. Bd3 Bb7
9. Nbd2 cxd4 10. cxd4 Nd5 11. O-O a6 12. Qb1 g6 13. Re1 d6 14. b4 Bf6 15. Ne4 a5
16. b5 Nce7 17. Nxf6+ Nxf6 18. e4 d5 19. e5 Ne4 20. a4 Nf5 21. h3 Rc8 22. Rc1
Rxc1+ 23. Qxc1 Nh4 24. Nxh4 Qxh4 25. Qe3 Rc8 26. Bxe4 dxe4 27. Rc1 Rxc1+ 28.
Bxc1 Qh5 29. Qe1 Qh4 30. Be3 Bd5 31. Qc1 Qd8 32. Bg5 Qb8 33. h4 h5 34. g4 hxg4
35. Qc3 Kg7 36. Bf6+ Kg8 37. Kh2 Kh7 38. Kg3 Kg8 39. Kxg4 Kh7 40. Kh3 Kg8 41. h5
Qf8 42. Qe3 Kh7 43. Bg5 Qg7 44. h6 Qf8 45. Qc3 Qd8 46. Bxd8 1-0

[Event "Let's Play Chess!"]
[Site "http://www.queenalice.com/game.php?id=507561"]
[Date "2008.12.14"]
[Round "-"]
[White "bluestuff370"]
[Black "rafael1"]
[Result "0-1"]
[WhiteElo "1852"]
[BlackElo "1857"]

1. d4 Nf6 2. Nf3 e6 3. a3 c5 4. Nbd2 cxd4 5. Nxd4 Qb6 6. e3 Nc6 7. N2f3 Nxd4 8.
Qxd4 Bc5 9. Qd3 h6 10. b4 Be7 11. Bb2 O-O 12. Be2 d6 13. c4 Qc7 14. O-O b6 15.
Bd1 Bb7 16. Bc2 g6 17. Nh4 Bd8 18. h3 Qc6 19. f3 Qd7 20. Rfd1 d5 21. cxd5 Qxd5
22. Qxd5 Nxd5 23. Nxg6 fxg6 24. Bxg6 Nxe3 25. Re1 Bf6 26. Bxf6 Rxf6 27. Bd3 Nd5
28. Rac1 Rc8 29. Rxc8+ Bxc8 30. Kf2 Rf7 31. Bg6 Rc7 32. Ra1 Nf4 33. Be4 Bb7 34.
Bxb7 Rxb7 35. Ra2 Rc7 36. Kg3 Nd5 37. Kg4 Kg7 38. f4 Rc4 39. g3 Kg6 40. h4 h5+
41. Kf3 Rc3+ 42. Kg2 Kf5 43. b5 Kg4 44. a4 Rxg3+ 0-1

[Event "Let's Play Chess!"]
[Site "http://www.queenalice.com/game.php?id=507630"]
[Date "2008.12.14"]
[Round "-"]
[White "rafael1"]
[Black "lafasouza"]
[Result "1-0"]
[WhiteElo "1856"]
[BlackElo "1721"]

1. e4 e5 2. Nf3 Nc6 3. Bb5 a6 4. Ba4 Nf6 5. Nc3 b5 6. Bb3 b4 7. Nd5 Nxe4 8. O-O
a5 9. Re1 f5 10. d3 Nd6 11. Nxe5 Be7 12. Nxc6 dxc6 13. Nxe7 Kf8 14. Nxc8 Rxc8
15. Bc4 Nxc4 16. dxc4 Qxd1 17. Rxd1 Kf7 18. Bf4 Rhe8 19. Re1 Kf6 20. Rxe8 Rxe8
21. Kf1 Re4 22. b3 Rxf4 23. Rd1 h5 24. Rd7 Rh4 25. h3 f4 26. f3 Ke6 27. Rxc7 Kd6
28. Ra7 g5 29. Rxa5 g4 30. hxg4 Rh1+ 31. Kf2 hxg4 32. fxg4 Rc1 33. g5 Rxc2+ 34.
Kf3 Ke6 35. Kxf4 Rxg2 36. Ra6 Kd6 37. Kf5 Rf2+ 38. Kg6 Kc7 39. Kh7 Rg2 40. g6
Kb7 41. Ra4 Rh2+ 42. Kg8 c5 43. g7 Rh3 44. Ra5 Kb6 45. Ra8 Kb7 46. Rf8 Rh2 47.
Rf7+ Kc6 48. Kf8 Rxa2 49. g8=Q Ra8+ 50. Kg7 Rxg8+ 51. Kxg8 Kd6 52. Rf3 Ke5 53.
Kf7 Ke4 54. Ke6 Kxf3 55. Kd5 Ke3 56. Kxc5 Kd3 57. Kxb4 Kd4 58. Kb5 Kc3 59. c5
Kxb3 60. c6 Kc3 61. c7 Kd4 62. c8=Q Ke5 63. Qd7 Ke4 64. Qd6 Kf5 65. Qe7 Kf4 66.
Qe6 Kf3 67. Qe5 Kf2 68. Qe4 Kf1 69. Qc2 Ke1 70. Kc4 Kf1 71. Kd3 Kg1 72. Ke3 Kh1
73. Kf3 Kg1 74. Qg2# 1-0

[Event "Let's Play Chess!"]
[Site "http://www.queenalice.com/game.php?id=507632"]
[Date "2008.12.14"]
[Round "-"]
[White "rafael1"]
[Black "Groomi"]
[Result "1-0"]
[WhiteElo "1867"]
[BlackElo "1718"]

1. e4 e6 2. d4 Ne7 3. Nc3 c6 4. Nf3 d5 5. e5 Nf5 6. Be2 b5 7. a4 b4 8. Na2 a5 9.
O-O c5 10. c3 c4 11. cxb4 axb4 12. Bd2 b3 13. Nc3 Nc6 14. Ng5 Ncxd4 15. Bh5 g6
16. Bg4 h6 17. Nf3 Nc2 18. Bxf5 Nxa1 19. Qxa1 gxf5 20. Nb5 Bd7 21. Nd6+ Bxd6 22.
exd6 Rxa4 23. Qc1 h5 24. Ne5 Qf6 25. Bf4 h4 26. Nxd7 Kxd7 27. Bg5 Qg6 28. Qe3
Ra2 29. Qb6 e5 30. Qc7+ Ke8 31. Qe7# 1-0

[Event "Let's Play Chess!"]
[Site "http://www.queenalice.com/game.php?id=507633"]
[Date "2008.12.15"]
[Round "-"]
[White "rafael1"]
[Black "ALIGATOR"]
[Result "0-1"]
[WhiteElo "1840"]
[BlackElo "1500"]

1. e4 e5 2. Nf3 Nc6 3. Bb5 Bc5 4. Nc3 a6 5. Ba4 Nf6 6. O-O O-O 7. d3 d6 8. h3
Bd7 9. Bg5 h6 10. Bh4 g5 11. Bg3 Nd4 12. Nxd4 exd4 13. Bxd7 dxc3 14. Bf5 cxb2
15. Rb1 Bd4 16. h4 Nh7 17. Qg4 Qf6 18. Kh1 Qg7 19. Bxh7+ Kxh7 20. Qf5+ Qg6 21.
Qxg6+ Kxg6 22. f4 b5 23. Bf2 Bc3 24. hxg5 hxg5 25. f5+ Kh6 26. g4 f6 27. Kg2 Kg7
28. Rh1 Rh8 29. Rxh8 Rxh8 30. Kg3 Be5+ 31. Kg2 Bc3 32. Kg3 Kf7 33. Be3 c5 34. e5
fxe5 35. Kf3 Kf6 36. Ke4 Rh2 37. Kd5 Rxc2 38. Kxd6 Bd4 39. Bxd4 cxd4 40. Kd5 a5
41. a3 a4 0-1

[Event "Let's Play Chess!"]
[Site "http://www.queenalice.com/game.php?id=507634"]
[Date "2008.12.14"]
[Round "-"]
[White "rafael1"]
[Black "ALIGATOR"]
[Result "1-0"]
[WhiteElo "1840"]
[BlackElo "1870"]

1. e4 e5 2. Nf3 Nc6 3. Bb5 Bc5 4. O-O d6 5. h3 Bd7 6. Nc3 a6 7. Ba4 Nge7 8. d3
Nd4 9. Bxd7+ Qxd7 10. Nxd4 Bxd4 11. Re1 Ng6 12. Nd5 c6 13. Ne3 Nf4 14. c3 Ba7
15. Nc4 b5 16. Ne3 O-O 17. Nf5 d5 18. Bxf4 dxe4 19. Qg4 Qxf5 20. Qxf5 exf4 21.
Qxe4 g5 22. Qxc6 Kg7 23. Re7 h5 24. Rae1 Rac8 25. Qxa6 Bc5 26. Qxb5 Bxe7 27.
Rxe7 Kg6 28. Qe5 Rg8 29. h4 gxh4 30. Qxf4 Rcf8 31. Qxh4 Kh6 32. Qf6+ Rg6 33. Qf5
f6 34. Qf4+ Rg5 35. b4 Kg6 36. Rb7 Rg4 37. Qc7 Kf5 38. Rb5+ Kg6 39. Qc5 Rh8 40.
Qf5+ Kg7 41. Rb7+ Kh6 42. Qxf6+ Rg6 43. Qxh8+ Kg5 44. Rg7 Kh4 45. Qd8+ 1-0

[Event "Let's Play Chess!"]
[Site "http://www.queenalice.com/game.php?id=507635"]
[Date "2008.12.14"]
[Round "-"]
[White "cesargarcia"]
[Black "rafael1"]
[Result "1-0"]
[WhiteElo "1176"]
[BlackElo "1840"]

1. d4 Nf6 2. c4 e6 3. Nc3 c5 4. d5 d6 5. Nf3 Be7 6. e4 exd5 7. exd5 O-O 8. Bd3
Bg4 9. O-O Nbd7 10. h3 Bh5 11. Bf4 Re8 12. Re1 Bg6 13. Qc2 Nh5 14. Bxg6 hxg6 15.
Bh2 Bf6 16. Rxe8+ Qxe8 17. Bxd6 Ne5 18. Nxe5 Bxe5 19. Re1 Bh2+ 20. Kf1 Qxe1+ 21.
Kxe1 Bxd6 22. Ne4 Re8 23. Kf1 Be5 24. Qa4 Bd4 25. Qxe8+ 1-0